| 000 | 01592nam a2200445 i 4500 | ||
|---|---|---|---|
| 001 | 56067 | ||
| 003 | KOSZ 005 | ||
| 005 | 20210625123112.0 | ||
| 008 | 081211s2008 pl f |000 0 pol d | ||
| 020 | _a9788388999093 | ||
| 040 |
_cKOSZ 005 _aKOSZ 005 _dKOSZ 005/HR |
||
| 046 | _k2004 | ||
| 080 | _a711.2(438) | ||
| 080 | _a332.74(438) | ||
| 080 | _a332.74(438) | ||
| 100 | 1 |
_aCymerman, Ryszard _d(1947- ) _eAutor |
|
| 245 | 1 | 0 |
_aPrognoza skutków finansowych uchwalenia miejscowego planu zagospodarowania przestrzennego / _cRyszard Cymerman, Tomasz Bajerowski, Hubert Kryszk. |
| 250 | _aWyd. 2 popr. i uzup. | ||
| 260 |
_aOlsztyn : _bEducaterra, _c2008. |
||
| 300 |
_a118 s. : _bil. ; _c24 cm. |
||
| 336 |
_2rdacontent _aTekst _btxt |
||
| 337 |
_2rdamedia _aBez urządzenia pośredniczącego _bn |
||
| 338 |
_2rdacarrier _aWolumin _bnc |
||
| 380 | _aKsiążki | ||
| 388 | _a2001- | ||
| 504 | _aBibliogr. s. 117-118. | ||
| 650 | 7 | _aPlanowanie przestrzenne | |
| 650 | 7 | _aNieruchomości | |
| 650 | 7 | _aFinanse | |
| 650 | 7 | _aPrognozy | |
| 651 | _aPolska | ||
| 658 | _aGospodarka, ekonomia, finanse | ||
| 658 | _aArchitektura i budownictwo | ||
| 700 | 1 |
_aKryszk, Hubert _eAutor |
|
| 700 | 1 |
_aBajerowski, Tomasz _eAutor |
|
| 710 | 2 |
_aEducaterra _4pbl |
|
| 856 |
_uhttp://koha.tu.koszalin.pl/cgi-bin/koha/opac-detail.pl?biblionumber=56067 _yKatalog online BPK |
||
| 856 |
_uhttp://dlibra.tu.koszalin.pl/dlibra/docmetadata?id=696&from=&dirids=1&ver_id=&lp=1&QI= _yBiblioteka Cyfrowa |
||
| 942 |
_cKS _2UKD |
||
| 999 |
_c56067 _d56067 |
||